LEADER 00837nam a2200205 u 4500 001 000000106060 003 CaOOAMICUS 005 20070705125006.0 008 070705s1948 fr u000 u fre r 040 $aPUL$bita$dGP 100 1 $aMesnard, Pierre,$d1900-1969.$0(OLS)http://pul/name/17696 245 13$aLe vrai visage de Kierkegaard /$cPierre Mesnard. 260 $aParis :$bBeauchesne et ses fils,$c1948. 300 $a494 p. ;$c22 cm. 600 14$aKierkegaard, Sųren,$d1813-1855.$0(OLS)http://pul/subject/4836 850 $aPUL 852 $aPUL$W1$xDP2 Filosofia 1$y62$m86 F 50$j119092$qStampati$B118981$CPULBib$Z2$F118981 $H35995 $81 941 1 $a8 996 $6245$aLe vrai visage de Kierkegaard$9(OLS)http://pul/title/133578 996 $6260$aParis :$bBeauchesne et ses fils$9(OLS)http://pul/publisher/49348 LEADER 01555nam a2200325 a 4500 001 000000156902 003 CaOOAMICUS 005 20161130120514.0 008 161130s1959 is u000 u lat r 032 $aLibriCat 040 $aPUL$bita 100 1 $aAdinolfi, Marco,$cO.F.M.,$d1919-$0(OLS)http://pul/name/5729 245 10$aDe Mariologicis Lyrani postillis in prophetas Medii Aevii exegeseos lumine perpensis / $cMarcus Adinolfi . 260 $aJerusalem :$b[s.n.],$c1959. 300 $a61 p. ;$c24 cm. 502 $aEstratto da Tesi -- Atheneum Antonianum. Facultas Theologica. 1958. 504 $aBibliografia in nota a pič pagina. 650 04$aMariologia.$0(OLS)http://pul/subject/28018 710 2 $aPontificio Ateneo Antoniano.$bFacoltą di Teologia.$kTesi.$0(OLS)http://pul/name/99830 850 $aPUL 852 $aPUL$W1$xDP1 Tesi Pon. At. Antonianum$y30$mTH ANT TH126$j180189$qTesi$B183312$CPULBib$Z2$F183312 $H20285 $82 910 $aPontificium Athenaeum Antonianum.$bFacultas Theologiae.$kTesi$999830 910 $aPontificia Universitą Antonianum.$bFacoltą di teologia.$kTesi$999830 910 $aPontificia Universitą Antonianum.$bFacoltą di teologia.$kTesi$999830 941 1 $a16 960 $aMaria Virgo,$cs.$928018 960 $aMaria Virgo,$cs.$928018 996 $6245$aDe Mariologicis Lyrani postillis in prophetas Medii Aevii exegeseos lumine perpensis / $9(OLS)http://pul/title/196502 996 $6260$aJerusalem :$b[s.n.]$9(OLS)http://pul/publisher/69878